00729nam a2200217 i 4500001000300000245010500003260004100108300002800149504002600177650001200203655003000215700002600245700002100271015001800292020001500310040000800325041000800333080003100341008004100372856009800413bg00aWybrane zagadnienia z finansów /cred. nauk. Tomasz Siudek ; [aut. rozdz. Aldona Zawojska et al.]. aWarszawa :bWydawnictwo SGGW,c2006. a352 s. :bil. ;c24 cm. aBibliogr. przy rozdz. 9aFinanse aPodręczniki akademickie1 aSIUDEK, Tomasz.eRed.1 aZAWOJSKA, Aldona aPB 20558/2006 a8372447594 cBPK0 apol a336:657:658.14/.17](075.8) s pl f |000 0 pol  uhttp://koha.tu.koszalin.pl/cgi-bin/koha/opac-detail.pl?biblionumber=52864yKatalog online BPK